000 00703nam a2200301Ia 4500
008 160321s9999||||xx |||||||||||||| ||und||
040 _cEnglish
082 _aXI.E/Haigh
082 _bBORI-31435
100 _aHenry Haigh
245 _aLeading Ideas of Hinduism
250 _bSecond
260 _aCalcutta
260 _bSusil Gupta India Ltd
260 _c1952
300 _a113+3
300 _cA
300 _ePaperback
530 _u00103488.pdf
563 _aStudy
600 _aHenry Haigh
630 _aLeading Ideas of Hinduism
650 _aGeneral Indology
650 _aReligion
700 _aHenry Haigh
730 _aLeading Ideas of Hinduism
942 _cBOOK
999 _c1360698
_d1360695